000 00757nam a22002057a 4500
999 _c10688
_d10688
003 AR-CdUCM
008 190401b ||||| |||| 00| 0 spa d
040 _aMUNICIPALIDAD PROVINCIAL DEL CUSCO
_cBIBLIOTECA MUNICIPAL DEL CUSCO
082 _a346.4 /
_bV24 /1903
100 _aDel Valle, Alfredo
_927666
245 _aManual del registro de la propiedad inmueble :
_bCon un apƩndice de registro mercantil /
260 _aLima :
_bGil,
_c1903.
300 _a73 paginas ;
_c22 cm.
505 _aContenido : Idea del registro de la propiedad -- Junta de vigilancia -- Asiento de presentación -- Traslaciones de de dominio ...
650 _aInmueble
_927667
650 _aRegistro
_925191
650 _aPropiedad
_9740
942 _2ddc
_cLIBROS
945 _arah